00391nam a2200109Ia 4500008004100000100003000041245004100071260006900112300001100181650002100192856006800213160712s9999 xx 000 0 und d aQuindoza-Santiago, Lilia. cLilia Quindoza-SantiagoaBayanggudaw c2014bLikhaan: The Journal of Contemporary Philippine Literature avol. 8 xMAIKLING KUWENTO uhttp://journals.upd.edu.ph/index.php/lik/issue/view/538/showToc